| 000 | 00465cam a22001694a 4500 | ||
|---|---|---|---|
| 005 | 20250605164143.0 | ||
| 008 | 250528s ||||||||||||||||||||||||d | ||
| 035 | _a19039 | ||
| 040 |
_aGR-AtMCL _bgre _dGR-AtMCL _eAACR2 |
||
| 245 | 1 | _aΕφαρμογές Λογισμού Πιθανοτήτων | |
| 260 |
_bΣταμούλης Α, _c1990 |
||
| 300 | _a288 | ||
| 700 | 1 |
_aΚιόχος Πέτρος Απ _92769 |
|
| 942 | _cBK | ||
| 999 |
_c4324 _d4324 |
||